000 00983pam a2200277 a 4500
001 690107
003 GBCCL
005 20241126110352.0
008 960412s1996 ilu b 001 0 eng
010 _a 96019408
020 _a0830818804 (cloth : alk. paper)
040 _aDLC
_cDLC
_dDLC
050 0 0 _aBS476
_b.B59 1996
082 0 0 _a220.601
_220
_bBRA
100 1 _aBray, Gerald Lewis.
_91900
245 1 0 _aBiblical interpretation :
_bpast & present /
_cGerald Bray.
260 _aDowners Grove, Ill. :
_bInterVarsity Press,
_cc1996.
300 _a608 p. ;
_c24 cm.
504 _aIncludes bibliographical references (p. 589-592) and indexes.
630 0 0 _aBible
_xHermeneutics.
_91790
630 0 0 _aBible
_xCriticism, interpretation, etc.
_9144
906 _a7
_bcbc
_corignew
_d1
_eocip
_f19
_gy-gencatlg
942 _2ddc
_cBK
_06
999 _c1067
_d1067